Statistics for British WW2 Aircraft

Click here to take the quiz!

General Stats

  • This quiz has been taken 65 times
  • The average score is 8 of 15

Answer Stats

Planes Classification (Britain)Answer% Correct
FighterHurricane
98%
FighterSpitfire
98%
BomberLancaster
93%
FighterTyphoon
72%
Flying BoatSunderland
63%
Strike CraftMosquito
61%
Naval CraftSeafire
53%
BomberWellington
53%
Strike CraftBeaufighter
49%
BomberStirling
33%
Flying BoatCatalina
30%
Naval Craft
Sea Hurricane
28%
Strike CraftWhirlwind
12%
Naval CraftCorsair
5%
BomberShackleton
2%

Score Distribution

Percentile by Number Answered

Percent of People with Each Score

Your Score History

You have not taken this quiz